[Event "10th Karen Asrian Memorial 2017"]
[Site "Jermuk"]
[Date "2017.06.26"]
[Round "6"]
[White "Chibukhchian, Artur"]
[Black "Andriasian, Zaven"]
[Result "0-1"]
[WhiteElo "2412"]
[BlackElo "2622"]
[Annotator "TA"]
[PlyCount "86"]
[EventDate "2017.??.??"]
[EventType "swiss"]
[EventCountry "ARM"]
[SourceTitle "playchess.com"]
[Source "ChessBase"]
[SourceQuality "1"]

{[%evp 9,86,6,6,0,0,0,8,4,1,0,0,0,0,-4,0,-18,-12,-29,-27,-114,-117,-99,-122,-167,-166,-159,-120,-198,-193,-191,-193,-261,-256,-256,-254,-245,-258,-258,-271,-260,-254,-250,-214,-208,-206,-211,-154,-152,-146,-177,-157,-210,-199,-218,-220,-243,-266,-282,-280,-267,-235,-420,-372,-400,-402,-626,-651,-599,-264,-651,-641,-900,-889,-5206,-5189,-29989,-29990,-29990,-1638]} 1. d4 Nf6 2. Nf3 g6 3. Bg5 Bg7 4. Nbd2 d6 5. h3 (5. c3 h6 6. Bh4 O-O 7. e3 Nbd7 8. Bd3 e5 9. O-O Qe8 10. e4 Nb6 11. a4 a5 12. Re1 Bd7 13. Bc2 Nh5 14. Nf1 Nf4 15. Bg3 Nh5 16. Bh4 Nf4 17. Ne3 Bc6 18. Bg3 Nh5 19. Bh4 Nf4 20. Bg3 Nh5 21. Bh4 {½-½ (21) Artemiev,V (2677)-Demchenko,A (2628) Skopje 2017}) 5... h6 6. Bf4 {A48: 1 d4 Nf6 2 Nf3 g6: Torre, London and Colle Systems} Nc6 7. c3 $146 ({Predecessor:} 7. e3 O-O 8. c3 Re8 9. Qc2 e5 10. dxe5 dxe5 11. Bh2 Qe7 12. Be2 Nd7 {1-0 (29) Lechtynsky,J (2470)-Novoselski,Z (2410) Kragujevac 1984}) 7... e5 8. dxe5 {The position is equal.} Nd5 9. Bg3 dxe5 10. e4 Nf4 11. Nc4 Qe7 12. Ne3 O-O 13. Qc2 Be6 $36 {[%mdl 2048] Black has the initiative.} 14. Bb5 {[#]} (14. O-O-O $11 {keeps the balance.}) 14... Nb4 $1 $17 {[%mdl 512]} 15. Qb1 (15. cxb4 Qxb4+) 15... a6 {[%cal Ba7a6,Ba6b5][%mdl 32]} 16. a3 axb5 17. cxb4 Qf6 {Threatens to win with ...Nxg2+!} 18. Nh4 (18. Kf1 $17) 18... Qg5 $19 19. Qc2 Ra6 {[%cal Ba8a6,Ba6c6,Bc6c4][%mdl 32]} 20. O-O (20. Qxc7 {was the only chance.} Rc8 21. Qxb7) 20... Rc6 21. Qd1 Rd8 22. Qe1 Qh5 23. Ng4 Bxg4 24. hxg4 Qxg4 25. Nf3 Rc4 {Hoping for ...Rxe4!} 26. Bxf4 exf4 27. Rd1 Re8 28. e5 Qf5 29. Qe2 c6 ({And not} 29... Bxe5 30. Rfe1 $14) 30. Rfe1 (30. Rd2 $17) 30... g5 31. Nd4 Qg6 32. Qg4 Rxe5 33. Rxe5 Bxe5 34. Qc8+ Kh7 35. Nf3 $2 (35. Nf5 Qe6 36. Qxe6 fxe6 37. b3) 35... Bf6 36. b3 Rc3 37. Qxb7 (37. Nh2 $142 Rxb3 38. Qxb7) 37... g4 38. Ne1 f3 (38... Qh5 $142 39. Qd7 g3 40. fxg3 fxg3) 39. Qc7 $2 (39. g3) 39... fxg2 {And now ...g3 would win.} 40. Nxg2 {intending Nf4.} g3 41. fxg3 Rxg3 42. Rd2 Bd4+ 43. Kh2 Rxg2+ {Precision: White = 40%, Black = 80%.} (43... Rg4 $142 44. Qd8 Qh5+ 45. Qh4 Rxh4+ 46. Nxh4 Qxh4+ 47. Kg2 Qg5+ 48. Kf3 Qxd2 49. a4 h5 50. axb5 Qf2+ 51. Ke4 Qe3+ 52. Kf5 Qe5#) 0-1

[Event "10th Karen Asrian Memorial 2017"]
[Site "Jermuk"]
[Date "2017.06.27"]
[Round "7"]
[White "Kovalenko, Igor"]
[Black "Martirosyan, Haik M."]
[Result "0-1"]
[WhiteElo "2656"]
[BlackElo "2516"]
[Annotator "TA"]
[PlyCount "64"]
[EventDate "2017.??.??"]
[EventType "swiss"]
[EventCountry "ARM"]
[SourceTitle "playchess.com"]
[Source "ChessBase"]
[SourceQuality "1"]

{[%evp 21,64,-1,12,12,35,18,60,61,77,60,100,102,119,118,148,145,172,92,83,84,99,83,81,83,77,0,0,-25,-36,-28,-25,-36,-31,-1102,-1102,-1368,-1313,-6311,-6270,-6215,-6215,-6195,-6170,-2431,-287]} 1. c4 Nf6 2. Nf3 c5 3. Nc3 e6 4. e3 d5 5. d4 a6 6. cxd5 exd5 7. Be2 Nc6 8. Ne5 Bd6 9. Nxc6 bxc6 10. dxc5 Bxc5 11. O-O O-O 12. b3 {D32: Tarrasch Defence: Sidelines and lines without g3} Bd6 13. Bb2 Be6 14. Rc1 {[#] White is slightly better.} Be5 $146 ({Predecessor:} 14... c5 15. Bf3 Rc8 16. g3 Be5 17. Qe2 {½-½ (43) Sundararajan,K (2420)-Schroeder,J (2550) Caleta 2017}) 15. Qc2 Qb8 16. f4 Bxc3 17. Qxc3 Qb6 18. Rf3 c5 {[#]} 19. Rg3 ({But not} 19. Qxc5 $6 Qxc5 20. Rxc5 Ne4 $16) (19. f5 $1 $18 Bd7 20. Qxc5 Qxc5 21. Rxc5) 19... d4 $16 20. exd4 c4 21. Qc2 cxb3 {[#]} 22. Qc5 $1 {[%cal Rc5b6]} Rab8 23. Rxg7+ (23. Qg5 $16 {[%csl Gg3][%cal Rg5g7]} Ne8 24. axb3) 23... Kh8 $1 $11 {aiming for ...Qxc5.} 24. Rg3 bxa2 25. Qg5 {[%cal Rg5f6]} Ng4 26. Ba1 $1 f6 27. Qc5 $2 {[%mdl 8192]} (27. Qh4 $15 Qb1 28. Rgc3) 27... Rfc8 $19 {Black is clearly winning.} 28. Bxg4 Bxg4 29. Rxg4 Rxc5 30. dxc5 Qe6 {( -> ...Qe3+)} 31. Rg3 Rb1 32. Rf1 Rxf1+ {Precision: White = 38%, Black = 57%.} 0-1

[Event "10th Karen Asrian Memorial 2017"]
[Site "Jermuk"]
[Date "2017.06.27"]
[Round "7"]
[White "Andriasian, Zaven"]
[Black "Zhigalko, Andrey"]
[Result "0-1"]
[WhiteElo "2622"]
[BlackElo "2563"]
[Annotator "TA"]
[PlyCount "76"]
[EventDate "2017.??.??"]
[EventType "swiss"]
[EventCountry "ARM"]
[SourceTitle "playchess.com"]
[Source "ChessBase"]
[SourceQuality "1"]

{[%evp 13,76,18,49,49,39,17,26,29,22,0,25,8,1,-88,-68,-86,-52,-56,-55,-48,-52,-70,-68,-75,-68,-96,-87,-72,-64,-81,-96,-81,-50,-57,-60,-98,-65,-69,-65,-127,-103,-353,-364,-357,-359,-352,-351,-336,-333,-447,-440,-455,-454,-547,-541,-732,-731,-2410,-2323,-5329,-5314,-29986,-29987,-29987,-29988]} 1. e4 c5 2. Nf3 e6 3. d4 cxd4 4. Nxd4 Nc6 5. Nc3 Qc7 6. g3 a6 7. Bg2 Nge7 8. Nb3 {B47: Sicilian: Taimanov: 5 Nc3 Qc7 6 f4, 6 g3 and 6 Be2} Ne5 9. a4 (9. f4 Nc4 10. Qd3 b5 11. Nd4 Bb7 12. b3 Nd6 13. a3 Nc6 14. Bb2 Nxd4 15. Qxd4 Rc8 {½-½ (39) Kryvoruchko,Y (2693)-Adhiban,B (2671) Monzon 2016}) 9... b6 10. O-O {White has an edge.} Bb7 11. Re1 $146 ({Predecessor:} 11. f4 Nc4 12. Qd4 Rb8 13. Rd1 Na5 14. Be3 Ba8 15. Bf1 Nec6 {0-1 (60) Severiukhina,Z (2341)-Pustovoitova,D (2319) Dagomys 2010}) 11... Rc8 12. f4 Nc4 13. Kh1 (13. Nd4 $11 {keeps the balance.}) 13... h5 $17 14. h4 Ng8 15. Nd2 Bb4 16. Nxc4 Qxc4 17. Bd2 Nf6 {[%cal Rb4c3]} 18. Qe2 O-O 19. Rad1 d6 20. Qd3 e5 21. Re2 Rfe8 22. Rde1 Red8 23. Bf3 a5 24. Rd1 Rd7 25. Kg2 Bxc3 26. Bxc3 (26. Qxc4 $1 $15 Rxc4 27. Bxc3) 26... Qxa4 {aiming for ...d5.} 27. Qe3 $2 (27. Kg1 $17) 27... d5 $19 28. exd5 e4 (28... Nxd5 29. Bxd5 Bxd5+ 30. Kh2 $17) 29. Bxh5 Nxh5 30. g4 Nf6 ({Less strong is} 30... Rxd5 31. Rxd5 Bxd5 32. gxh5 $11) ({Not} 30... Bxd5 31. gxh5 Qc6 32. Qg3 $11) 31. Bxf6 gxf6 32. b3 Qb4 33. c4 a4 34. Qxe4 Qxb3 35. Rd4 {[#]} Rxc4 $1 {[%mdl 512]} 36. Qe8+ (36. Rxc4 Bxd5) 36... Kg7 37. g5 Rxd4 38. gxf6+ {[#]} Kh7 $1 {Precision: White = 27%, Black = 80%.} 0-1

[Event "10th Karen Asrian Memorial 2017"]
[Site "Jermuk"]
[Date "2017.06.27"]
[Round "7"]
[White "Zubov, Alexander"]
[Black "Kotanjian, Tigran"]
[Result "0-1"]
[WhiteElo "2612"]
[BlackElo "2486"]
[Annotator "TA"]
[PlyCount "72"]
[EventDate "2017.??.??"]
[EventType "swiss"]
[EventCountry "ARM"]
[SourceTitle "playchess.com"]
[Source "ChessBase"]
[SourceQuality "1"]

{[%evp 21,72,2,30,22,49,40,47,42,46,32,48,9,29,10,19,-14,-11,-8,0,-25,-33,-154,0,-60,-43,-101,-105,-96,-104,-98,-87,-104,-101,-719,-718,-714,-703,-702,-683,-874,-852,-850,-830,-12834,-12834,-29985,-2966,-29992,-29993,-29993,-29994,-29994,-29995]} 1. Nf3 Nf6 2. d4 d5 3. c4 e6 4. e3 Be7 5. b3 O-O 6. Bd3 b6 7. O-O Bb7 8. Bb2 Nbd7 9. Nc3 c5 10. Qe2 cxd4 11. exd4 Re8 12. Rad1 {E14: Queen's Indian: Classical Variation (4 e3)} (12. Rfd1 Rc8 13. Ne5 dxc4 14. bxc4 Bf8 15. f4 g6 16. Kh1 Nh5 17. Qf2 Ndf6 18. Be2 Ng7 19. Bf3 Bxf3 20. Qxf3 {½-½ (37) Krasenkow,M (2640)-Duda,J (2563) Warsaw 2014}) 12... Bf8 {[%cal Be7f8,Bf8g7,Bg7h6,Bh6f4][%mdl 32]} 13. Ne5 a6 14. f4 {White is slightly better.} g6 15. Kh1 $146 ({Predecessor:} 15. cxd5 Nxd5 16. Ne4 f5 17. Ng5 Nxe5 18. dxe5 Bc5+ {0-1 (45) Danner,G (2360)-Wells,P (2460) Graz 1991}) 15... Bg7 16. a4 Qc7 17. Rc1 dxc4 18. bxc4 Rad8 19. Ba3 Bh6 {aiming for ...Nh5.} 20. Rcd1 (20. a5 $5) 20... Nh5 $36 {[%mdl 2048] Black has some pressure.} 21. Qe3 {[#]} ({White should play} 21. Bc1 $15) 21... f6 $2 ({But not} 21... Nxe5 22. Qxe5 Qc6 23. Be4 $17) ({Better is} 21... Nxf4 $1 $17 22. Rxf4 Nxe5 23. dxe5 Qc6) 22. Nxd7 ({White should try} 22. Nxg6 $11 hxg6 23. Bxg6 Nxf4 24. Be4) 22... Rxd7 $15 23. d5 (23. Ne2 $15) 23... Bxf4 $17 24. Qh3 exd5 25. Nxd5 Bxd5 26. cxd5 Rxd5 {[#] ...Re3 is the strong threat.} 27. g4 $2 {[%mdl 8192]} (27. Rfe1 $17 Rdd8 28. Bf1) 27... Re3 $19 28. Qg2 Rexd3 29. Rxd3 Rxd3 30. gxh5 {Now Qa8+ and White clings on.} Rxa3 31. hxg6 Bg5 32. h4 Rxa4 33. Qd5+ Kg7 (33... Kh8 $142 34. g7+ Kxg7 35. Qg2 Rxh4+ 36. Kg1 h5 37. Rf2 Rg4 38. Kh1 Rxg2 39. Kxg2 b5 40. Kh3 b4 41. Kg2 b3 42. Re2 Qb7+ 43. Kh2 b2 44. Re1 b1=Q 45. Rxb1 Qxb1 46. Kg2 Qe1 47. Kf3 Qf1+ 48. Ke4 Qd1 49. Kf5 Qg4#) 34. hxg5 Rh4+ {Black mates.} 35. Kg2 Qh2+ 36. Kf3 Rh3+ {Precision: White = 22%, Black = 80%.} ({Less strong is} 36... Rf4+ 37. Ke3 $17) 0-1

[Event "10th Karen Asrian Memorial 2017"]
[Site "Jermuk"]
[Date "2017.06.27"]
[Round "7"]
[White "Pashikian, Arman"]
[Black "Harutyunian, Tigran K."]
[Result "1/2-1/2"]
[WhiteElo "2603"]
[BlackElo "2523"]
[Annotator "TA"]
[PlyCount "110"]
[EventDate "2017.??.??"]
[EventType "swiss"]
[EventCountry "ARM"]
[SourceTitle "playchess.com"]
[Source "ChessBase"]
[SourceQuality "1"]

{[%evp 20,110,33,39,34,43,23,41,39,0,0,0,0,0,0,-26,21,13,50,47,52,53,56,45,53,-122,-124,-210,-71,-65,-72,-64,-67,-67,-71,-72,-57,-57,-57,-57,-60,-60,-57,-57,-50,-50,-50,-50,-50,-52,-46,-46,-46,-46,-46,-46,-46,-46,-46,-46,-46,-46,0,0,0,-46,-46,-46,-46,-46,-46,-46,-46,-46,-46,-46,-46,-46,-41,-46,-46,-46,-46,-46,-46,-46,-46,-46,-31,-60,-60,-60,49]} 1. d4 Nf6 2. Nf3 d5 3. c4 e6 4. g3 Be7 5. Bg2 O-O 6. Nc3 Nbd7 7. Qd3 c6 8. O-O b6 9. b3 Ba6 10. Rd1 Rc8 11. e4 dxe4 {E07: Closed Catalan: Main Line (5 Nf3 0-0 6 0-0 Nbd7)} 12. Nxe4 b5 13. Nxf6+ (13. Ned2 bxc4 14. Nxc4 c5 15. Bb2 cxd4 16. Nxd4 Ne5 17. Qe3 Nxc4 18. bxc4 Qb6 19. Rab1 Rxc4 20. Ba3 {½-½ (20) Vitiugov,N (2724)-Fedoseev,V (2658) Moscow 2017}) 13... Bxf6 {White is slightly better.} 14. Ba3 (14. Be3 $14) 14... bxc4 $11 15. bxc4 c5 $146 ({Predecessor:} 15... Re8 16. Rac1 Qa5 17. Bd6 Red8 18. Qb3 c5 19. Ne5 Nb8 20. dxc5 Bxe5 21. Bxe5 Nd7 22. Bd4 Nxc5 23. Qe3 Rf8 24. h4 Qc7 25. Qa3 {1-0 (25) Rotstein,A (2495)-Armbruster,A (2335) Germany 2008}) 16. Rab1 Qa5 17. dxc5 {[#] And now c6 would win.} Nxc5 18. Qe3 $1 Rfe8 ({Don't play} 18... Bxc4 $6 19. Rdc1 $16) 19. Bb4 Qc7 20. Qa3 $1 Bxc4 21. Rbc1 Ne4 {Strongly threatening ...Nxf2!} 22. Bf1 $2 {[#]} (22. Re1 $1 $14 {is the one way to stay ahead.} Nxf2 23. Kxf2) 22... Qb6 $1 $17 {[%cal Rb6f2]} 23. Rxc4 (23. Bxc4 $17 Qxf2+ 24. Kh1) 23... Rxc4 (23... Qxf2+ $19 {has better winning chances.} 24. Kh1 Nc3 25. Rxc3 Bxc3) 24. Bxc4 {Black must now prevent Be1.} Bc3 $1 ({Not} 24... Qxf2+ 25. Kh1 $16) 25. Bc5 Qxc5 26. Qxc5 Nxc5 27. Rc1 Bf6 28. Bb5 Rc8 29. Ne1 Be7 30. Nd3 g6 31. Nxc5 Bxc5 $15 {[%mdl 4096] Endgame KRB-KRB} 32. Kg2 Rc7 33. f4 Kg7 34. Kf3 h5 35. h4 Kf6 36. Ke4 Ke7 37. Rc2 Rc8 38. Ba6 Rc6 39. Bb5 Rc7 40. Rc1 Kd6 41. Rd1+ Ke7 42. Rc1 f6 {Black is slightly better.} 43. Rc2 Bb6 44. Rxc7+ Bxc7 {KB-KB} 45. Kf3 Ba5 46. Bd3 Kf7 47. Bc4 Be1 48. Bb3 a5 49. a4 f5 50. Bc4 Kf6 51. Kg2 e5 52. fxe5+ Kxe5 53. Kh3 f4 54. gxf4+ Kxf4 55. Bd3 Ke5 {Precision: White = 69%, Black = 68%.} ({Better is} 55... g5 $15 56. hxg5 Kxg5) 1/2-1/2

[Event "10th Karen Asrian Memorial 2017"]
[Site "Jermuk"]
[Date "2017.06.27"]
[Round "7"]
[White "Smirnov, Pavel"]
[Black "Yeoh, Li Tian"]
[Result "0-1"]
[WhiteElo "2589"]
[BlackElo "2471"]
[Annotator "TA"]
[PlyCount "98"]
[EventDate "2017.??.??"]
[EventType "swiss"]
[EventCountry "ARM"]
[SourceTitle "playchess.com"]
[Source "ChessBase"]
[SourceQuality "1"]

{[%evp 26,98,52,51,67,54,62,29,79,67,99,94,47,-24,-27,-25,-29,-20,-25,-31,-34,-40,-20,-116,-92,-93,-98,-79,-75,-130,-142,-122,-86,-107,-93,-218,-256,-223,-256,-238,-199,-213,-219,-335,-339,-331,-333,-333,-322,-318,-323,-311,-181,-236,-99,-316,-273,-309,-289,-270,-225,-433,-445,-717,-710,-682,-672,-823,-796,-829,-795,-970,-909,-29975,-29974]} 1. d4 Nf6 2. c4 c5 3. d5 e6 4. Nc3 exd5 5. cxd5 d6 6. e4 g6 7. Nge2 Bg7 8. Ng3 O-O 9. Be2 Na6 10. O-O {A65: Modern Benoni: 6 e4} Nc7 11. a4 a6 (11... Nd7 12. Bf4 Ne5 13. Qd2 h5 14. h3 Bd7 15. Rae1 a6 16. Bh6 h4 17. Nh1 f6 18. Bxg7 Kxg7 {0-1 (45) Mchedlishvili,M (2601)-Pantsulaia,L (2607) Tbilisi 2017}) 12. Bg5 h6 13. Be3 Re8 14. Qd2 {LiveBook: 8 Games} Kh7 $1 15. f3 {[%cal Bf2f3,Bf3f4][%mdl 32]} Bd7 16. f4 Bg4 17. Rad1 $1 b5 $146 ({Predecessor:} 17... Bxe2 18. Qxe2 Nd7 {1-0 (30) Gouloutis,N (2281)-Ilic,S (2058) Novi Sad 2016}) 18. e5 $1 {[%cal Re5f6]} (18. axb5 $6 Nxb5 19. Bf3 Nxc3 $11) 18... dxe5 19. d6 (19. axb5 Nxb5 20. fxe5 Rxe5 $15) ({Better is} 19. f5 $14) 19... exf4 $11 20. Bxf4 (20. dxc7 Qxd2 21. Rxd2 (21. Bxd2 fxg3 22. axb5 gxh2+ 23. Kh1 Bxe2 $15) 21... fxe3 $15) 20... Ne6 {...b4 is the strong threat.} 21. Be5 Nd4 22. Bxd4 cxd4 23. Qxd4 Be6 24. Qf4 (24. axb5 $11 {remains equal.} axb5 25. Qb4 (25. Bxb5 Ng4 $15)) 24... Qb6+ 25. Kh1 b4 26. Nce4 Nd5 27. Qf2 (27. Qh4 $142 Kg8 28. Bc4 (28. d7 Red8 $17)) 27... Qxf2 $17 ({Of course not} 27... Bxb2 $6 28. Nc5 $11) 28. Rxf2 Ne3 ({Resist} 28... Bxb2 29. d7 $1 $15 {[%mdl 512]}) 29. Rd2 Rac8 {Strongly threatening ...f5.} 30. Bxa6 (30. Nf6+ $17 Bxf6 31. Rxf6) 30... Rc1+ $19 31. Nf1 f5 {[%mdl 1024] Black has strong compensation.} 32. Neg3 Bc4 33. Bb5 Rd8 $40 {[%mdl 128] White is in trouble.} 34. d7 (34. Kg1 $142) 34... Be5 35. Bxc4 Nxc4 36. Rc2 {[#]} Rxc2 $1 37. Rxc2 Nxb2 38. Rc5 Bf6 (38... Bd6 $142 39. Rd5 Rxd7) 39. Rb5 (39. Rc7 {is a better defense.}) 39... Bc3 (39... Rxd7 $19 {has better winning chances. aiming for ...Rd1.} 40. Rxb4 Bc3) 40. a5 $2 (40. Rb7 $17) 40... Rxd7 41. Ne2 Rd1 42. Kg1 Ra1 43. g4 $2 (43. g3) 43... fxg4 44. Nxc3 (44. Rb7+ $142 Kg8 45. Kg2) 44... bxc3 {[%cal Bb4c3,Bc3c2][%mdl 32] KRN-KRN} 45. Rc5 Nd1 46. Kg2 Ra2+ 47. Kg3 h5 48. Rc7+ Kh6 49. Rc5 c2 {Precision: White = 31%, Black = 70%.} 0-1

[Event "10th Karen Asrian Memorial 2017"]
[Site "Jermuk"]
[Date "2017.06.27"]
[Round "7"]
[White "Postny, Evgeny"]
[Black "Melkumyan, Hrant"]
[Result "1/2-1/2"]
[WhiteElo "2581"]
[BlackElo "2624"]
[Annotator "TA"]
[PlyCount "99"]
[EventDate "2017.??.??"]
[EventType "swiss"]
[EventCountry "ARM"]
[SourceTitle "playchess.com"]
[Source "ChessBase"]
[SourceQuality "1"]

{[%evp 21,98,10,27,10,24,20,21,12,27,25,30,16,28,25,22,0,29,22,50,43,66,42,21,5,6,6,64,57,55,40,51,21,24,5,9,0,16,23,21,26,40,27,22,21,17,22,14,8,15,16,16,15,23,17,58,68,66,58,58,58,96,96,96,31,31,31,41,0,0,0,0,0,0,0,0,0,0,0,550]} 1. d4 d5 2. c4 e6 3. Nf3 Nf6 4. Nc3 c5 5. cxd5 Nxd5 6. e4 Nxc3 7. bxc3 cxd4 8. cxd4 Bb4+ 9. Bd2 Bxd2+ 10. Qxd2 O-O 11. Bc4 b6 12. O-O {D41: Queen's Gambit Declined: Semi-Tarrasch with 5 cxd5} Nd7 13. a4 Bb7 14. Bd3 {The position is equal.} Nf6 (14... e5 $5) 15. Rfe1 h6 16. a5 bxa5 17. Rxa5 Qc7 {[#]} 18. Rc1 $146 Qe7 19. Qe1 Rfc8 20. Rxc8+ Bxc8 21. Qa1 a6 22. Nd2 {[%cal Bf3d2,Bd2c4,Bc4e5][%mdl 32]} Qb4 23. Nc4 Rb8 ({Black should try} 23... Bd7 $11) 24. Ra4 $14 Qb3 25. Ra3 Qb4 26. f3 Bd7 27. Ne5 Qd2 28. Nc4 Qb4 $1 29. Qc3 Qxc3 30. Rxc3 Rc8 31. Ra3 Bb5 32. Ne5 Ne8 33. Bxb5 axb5 $11 {[%mdl 4096] Endgame KRN-KRN} 34. Ra7 f5 35. exf5 exf5 36. Rb7 Nd6 37. Rb6 Nc4 38. Rxb5 Nxe5 39. dxe5 $14 {KR-KR} Kf7 40. Rb7+ Ke6 41. Rxg7 {[#] Black must now prevent f4.} Kxe5 42. Rg6 ({White should play} 42. Kf2 $16) 42... h5 43. Rh6 Kf4 44. h4 {Strongly threatening Kh2.} Kg3 {[%cal Rc8c1] [#]} 45. Rg6+ Kxh4 46. f4 Rc1+ 47. Kf2 Rc2+ 48. Kg1 Rc1+ 49. Kh2 $2 {[%mdl 8192]} (49. Kf2) 49... Rh1+ 50. Kxh1 {Precision: White = 59%, Black = 72%.} 1/2-1/2

[Event "10th Karen Asrian Memorial 2017"]
[Site "Jermuk"]
[Date "2017.06.27"]
[Round "7"]
[White "Gabuzyan, Hovhannes"]
[Black "Maghsoodloo, Parham"]
[Result "1/2-1/2"]
[WhiteElo "2570"]
[BlackElo "2584"]
[Annotator "TA"]
[PlyCount "69"]
[EventDate "2017.??.??"]
[EventType "swiss"]
[EventCountry "ARM"]
[SourceTitle "playchess.com"]
[Source "ChessBase"]
[SourceQuality "1"]

{[%evp 17,69,0,0,0,0,0,0,0,9,0,0,-17,-5,-40,-18,-50,-50,-77,-72,-80,-65,-62,-40,-40,-40,-47,-51,-64,-58,-60,-10,-12,0,0,-3,-70,-58,-49,-52,-75,-68,-97,-42,-72,0,0,0,0,0,0,0,0,0,0]} 1. Nf3 d5 2. g3 c6 3. Bg2 Bf5 4. O-O Nd7 5. d3 h6 6. Nbd2 {A07: Réti Opening: New York and Capablanca Systems} (6. Re1 Ngf6 7. Nc3 e5 8. e4 dxe4 9. Nxe4 Nxe4 10. dxe4 Be6 11. Qe2 Bc5 12. a3 O-O {0-1 (37) Vachier Lagrave,M (2788)-Carlsen,M (2851) Stavanger 2016}) 6... Ngf6 7. Re1 e5 8. e4 dxe4 9. dxe4 Be6 {LiveBook: 3 Games} 10. b3 Bc5 11. Bb2 O-O 12. Qe2 Qc7 13. h3 b5 14. Nh4 Rfe8 $146 15. Kh1 a5 {[%cal Ba7a5,Ba5a4][%mdl 32]} 16. a3 Bf8 17. Nf5 a4 18. b4 c5 19. c3 c4 20. Rad1 Rad8 21. Bc1 Nb6 22. Nf1 $1 Bxf5 23. exf5 e4 {White must now prevent ...Rd3.} (23... Nbd5 {is more complex.} 24. Qc2 e4 25. Kg1 Qc8 26. Bb2 Re5) 24. Rxd8 Qxd8 25. Be3 Nbd5 26. Bd4 (26. Qc2 $1 $11) 26... Bd6 $1 $15 27. Qd2 Be5 28. Bxe5 Rxe5 29. Qd4 Qe8 (29... Re7 $1 $17 30. Nd2 e3 $1 {[%mdl 512]}) 30. Nd2 {[#]} e3 ({Much weaker is} 30... Rxf5 $6 31. Nxe4 Kh8 32. Kh2 $14) ({Better is} 30... Re7 $1 $17) 31. f4 $11 {The position is equal.} Re7 $1 32. Nxc4 $1 bxc4 33. Bxd5 Nxd5 34. Qxd5 Rd7 35. Qc6 {Precision: White = 62%, Black = 79%.} ({Don't blunder} 35. Qxc4 $2 Qa8+ 36. Kg1 (36. Kh2 $2 Rd2+ 37. Re2 Qf3 $19) 36... Rd2 $19) 1/2-1/2

[Event "10th Karen Asrian Memorial 2017"]
[Site "Jermuk"]
[Date "2017.06.27"]
[Round "7"]
[White "Mikaelyan, Arman"]
[Black "Hovhannisyan, Robert"]
[Result "1/2-1/2"]
[WhiteElo "2444"]
[BlackElo "2621"]
[Annotator "TA"]
[PlyCount "144"]
[EventDate "2017.??.??"]
[EventType "swiss"]
[EventCountry "ARM"]
[SourceTitle "playchess.com"]
[Source "ChessBase"]
[SourceQuality "1"]

{[%evp 22,144,9,8,18,16,28,43,58,36,33,21,36,31,17,22,96,-10,-10,-8,-4,-18,22,-24,-31,-23,-37,-21,0,0,19,-39,-27,-23,0,0,-4,0,0,-10,0,0,0,0,0,0,0,0,0,0,0,0,0,0,0,-16,-28,-72,-69,-68,-64,-101,-53,-53,-53,-60,-54,-53,-51,-47,-30,-33,-15,-37,-50,-49,-59,-104,-25,-13,-8,-8,-8,-8,-8,-8,-8,-8,-8,-8,-8,-8,-8,-8,-8,-8,-8,-8,-8,-8,-8,-8,-8,-8,0,-8,0,0,0,0,0,0,0,0,0,0,0,0,0,0,0,-8,-8,-8,29986]} 1. d4 d5 2. c4 e6 3. Nf3 Nf6 4. Nc3 c5 5. e3 cxd4 6. exd4 Bb4 7. cxd5 Nxd5 8. Bd2 Nc6 9. Bd3 O-O 10. O-O Be7 11. Re1 Bf6 {B14: Caro-Kann: Panov-Botvinnik Attack with 5...e6 and 5...g6} 12. Ne4 {LiveBook: 9 Games} (12. Nxd5 Qxd5 13. Be4 Qd8 14. Bc3 Ne7 15. Ne5 Nd5 16. Qh5 g6 17. Qf3 Bg7 18. Rad1 a5 19. g3 {½-½ (61) Safarli,E (2691)-Melkumyan,H (2633) London 2016}) 12... Nxd4 13. Nxf6+ Qxf6 14. Ng5 {[%cal Bf3g5,Bg5e4,Be4c3][%mdl 32]} g6 15. Ne4 {[%mdl 1024] White has compensation.} Qg7 $1 16. Qc1 $146 {Black must now prevent Bh6.} ({Predecessor:} 16. Bc4 Nc6 17. Qc1 Rd8 18. Bh6 Qd4 19. Bg5 Nde7 20. Bf6 Qb6 21. g4 Nd4 22. Qh6 Nef5 23. gxf5 {1-0 (23) Alavkin,A (2484)-Krivoborodov,E (2301) Kaluga 2003}) 16... Nf5 $1 {[%cal Bd4f5,Bf5d6,Bd6c4,Bc4e5,Be5d3][%mdl 32]} 17. Nc3 $1 {And now Bxf5 would win.} Nde7 18. Be4 Rd8 {[#]} (18... h6 $11 {keeps the balance.}) 19. Bf4 ({White must play} 19. g4 $1 $16) 19... f6 $11 20. Bc7 {[%cal Bf4c7,Bc7a5,Ba5b4,Bb4c5][%mdl 32]} Rd7 21. Ba5 Nd6 (21... Nd4 $5 {[%cal Rf6f5]} 22. Ne2 Ndc6 $15) 22. Bf3 Nc4 23. Bb4 Ne5 {Threatens to win with ...Nd3.} 24. Be4 N7c6 25. Bc5 b6 26. f4 (26. Bxc6 $11 Nxc6 27. Rxe6) 26... Nd3 $15 27. Qe3 Nxe1 ({But not} 27... bxc5 28. Bxc6 Nxe1 29. Rxe1 $14) (27... Nxc5 {looks sharper.} 28. Bxc6 Rd3 29. Bxa8 Rxe3 30. Rxe3 Qc7) 28. Bxc6 Nc2 29. Qxe6+ Qf7 30. Bxd7 Qxe6 ({Much worse is} 30... Nxa1 $6 31. Bxc8 bxc5 32. Qc6 $16) 31. Bxe6+ Bxe6 32. Rc1 Bf5 33. Nd5 bxc5 34. Ne7+ Kf8 35. Nxf5 $11 {[%mdl 4096] Endgame KRN-KRN} Nb4 36. Nd6 Rd8 37. Ne4 Nd3 38. Rd1 Ke7 39. b3 f5 ({Of course not} 39... Nxf4 $6 40. Rxd8 Kxd8 41. Nxf6 $11) 40. Ng5 h6 41. Nf3 Nxf4 42. Rxd8 Kxd8 $17 {KN-KN} 43. Ne5 Kc7 44. g3 Ne2+ 45. Kf2 Nc1 46. Nxg6 Kd6 47. Ke3 Nxa2 {aiming for ...Nc1.} 48. Nh4 Ke5 49. Nf3+ {[#]} Kd5 ({Black should try} 49... Ke6 $1 $17) 50. Nh4 $11 Nc1 {The position is equal.} (50... f4+ $5 51. gxf4 Nc1 $17) 51. Nxf5 Nxb3 {Hoping for ...Nd4.} 52. Kd3 a5 53. Nxh6 Nd4 54. Ng4 c4+ 55. Kd2 a4 56. Ne3+ Kc5 {...Kb4 is the strong threat.} 57. Kc3 Nb5+ 58. Kc2 a3 {Threatening ...Kd4.} (58... Kd4 $5 {[%cal Rd4e3]} 59. Ng2 Ke4 $15) 59. h4 Kd4 60. Nd1 a2 61. Kb2 Kd3 62. Kxa2 Kd2 (62... Ke2 $5 63. Nb2 $8 c3 $11) 63. Nb2 c3 64. Nc4+ Kd3 65. Ne5+ Kd2 66. Nc4+ Kd3 67. Ne5+ Kd4 (67... Kd2 $5 68. Nc4+ $8 $11) 68. Nc6+ Kd5 69. Nb4+ Ke4 70. Kb3 Nd4+ 71. Kc4 c2 {[#]} 72. Nxc2 $1 {[%mdl 512]} Ke5 $2 {[%mdl 40960] Precision: White = 71%, Black = 54%. . An unexpected result.} (72... Nxc2 $11 73. h5 Kf5) 1/2-1/2